000 00913cam a2200217 4500
001 WB3801-48
008 020110n2002 000 0 eng u
035 _a(Sirsi) u116219
245 _aObjective 5b programme extended
260 _c2002
490 _aDEFRA News Release
_v(311) 20 December 2001, (2)
520 _aThe European Commission has announced an extension to the Objective 5b programme in selected areas, which was due to close on 31 December 2001. The move comes as a result of UK requests for an extension to the programme due to the impact of foot and mouth restrictions on projects. Projects already approved can now spend their allocated funds up to 30 June 2002.
590 _aWB
650 _aFOOT-AND-MOUTH DISEASE
650 _aEUROPEAN COMMISSION
650 _aEUROPEAN FUNDING
650 _aOBJECTIVE 5B
650 _aRURAL COMMUNITIES
690 _aRural
_96268
942 _n0
999 _c69239
_d69239